17th annual conference of the EASR - "Religion - continuations and disruptions" / Opening ceremony
| Corporate Author: | |
|---|---|
| Format: | Electronic Book Video |
| Language: | English |
| Check availability: | HBZ Gateway |
| Interlibrary Loan: | Interlibrary Loan for the Fachinformationsdienste (Specialized Information Services in Germany) |
| Published: |
Tartu
Tartu Ülikool Television
[2019]
|
| In: |
17th annual conference of the EASR - "Religion - continuations and disruptions"
Year: 2019 |
| Standardized Subjects / Keyword chains: | B
Religion
/ Continuation
/ Discontinuity
|
| RelBib Classification: | AA Study of religion |
| Further subjects: | B
Conference program 2019 (Tartu)
B Film |
| Online Access: |
Volltext (kostenfrei) |
MARC
| LEADER | 00000cgm a22000002cc4500 | ||
|---|---|---|---|
| 001 | 1668448831 | ||
| 003 | DE-627 | ||
| 005 | 20200528104656.0 | ||
| 006 | m o | | | ||
| 007 | cr uuu---uuuuu | ||
| 008 | 190703s2019 xx ||| | o ||eng c | ||
| 035 | |a (DE-627)1668448831 | ||
| 035 | |a (DE-599)KXP1668448831 | ||
| 040 | |a DE-627 |b ger |c DE-627 |e rda | ||
| 041 | |a eng | ||
| 084 | |a 0 |2 ssgn | ||
| 111 | 2 | |j VerfasserIn |0 (DE-588)1189705494 |0 (DE-627)1668343339 |4 aut |a European Association for the Study of Religions |e Annual Conference |n 17. |d 2019 |c Tartu | |
| 245 | 1 | 0 | |a 17th annual conference of the EASR - "Religion - continuations and disruptions" |p Opening ceremony |
| 264 | 1 | |a Tartu |b Tartu Ülikool Television |c [2019] | |
| 300 | |a Online-Ressource (1 Videodatei, 54:35 min) | ||
| 336 | |a zweidimensionales bewegtes Bild |b tdi |2 rdacontent | ||
| 337 | |a Computermedien |b c |2 rdamedia | ||
| 338 | |a Online-Ressource |b cr |2 rdacarrier | ||
| 518 | |a Aufnahme: Tartu Ülikooli, 25.06.2019 | ||
| 652 | |a AA | ||
| 655 | 7 | |a Film |0 (DE-588)4017102-4 |0 (DE-627)104559683 |0 (DE-576)208918531 |2 gnd-content | |
| 655 | 7 | |a Konferenzschrift |y 2019 |z Tartu |0 (DE-588)1071861417 |0 (DE-627)826484824 |0 (DE-576)433375485 |2 gnd-content | |
| 689 | 0 | 0 | |d s |0 (DE-588)4049396-9 |0 (DE-627)106187155 |0 (DE-576)209081880 |2 gnd |a Religion |
| 689 | 0 | 1 | |d s |0 (DE-588)4336557-7 |0 (DE-627)151945020 |0 (DE-576)211370533 |2 gnd |a Fortleben |
| 689 | 0 | 2 | |d s |0 (DE-588)4150167-6 |0 (DE-627)105555436 |0 (DE-576)209777885 |2 gnd |a Diskontinuität |
| 689 | 0 | |5 (DE-627) | |
| 773 | 1 | 8 | |a 17th annual conference of the EASR - "Religion - continuations and disruptions" |w (DE-627)1668448068 |q 1 |7 nngm |
| 856 | 4 | 0 | |u https://www.uttv.ee/naita?id=28634 |x DBIS |z kostenfrei |3 Volltext |7 0 |
| 935 | |c vide | ||
| 951 | |a MV | ||
| ACO | |a 1 | ||
| ELC | |a 1 | ||
| LOK | |0 000 xxxxxcx a22 zn 4500 | ||
| LOK | |0 001 3490944895 | ||
| LOK | |0 003 DE-627 | ||
| LOK | |0 004 1668448831 | ||
| LOK | |0 005 20190704144057 | ||
| LOK | |0 008 190704||||||||||||||||ger||||||| | ||
| LOK | |0 040 |a DE-Tue135 |c DE-627 |d DE-Tue135 | ||
| LOK | |0 092 |o n | ||
| LOK | |0 852 |a DE-Tue135 | ||
| LOK | |0 852 1 |9 00 | ||
| LOK | |0 936ln |0 1442042966 |a AA | ||
| LOK | |0 939 |a 04-07-19 |b l01 | ||
| OAS | |a 1 | ||
| ORI | |a SA-MARC-ixtheoa001.raw | ||
| REL | |a 1 | ||
| STA | 0 | 0 | |a Continuation,Discontinuity,Religion,Religion in literature,Religions,Religion |
| STB | 0 | 0 | |a Discontinuité,Perpétuation,Survie,Survie,Religion,Religions,Religion |
| STC | 0 | 0 | |a Continuación del impacto,Discontinuidad,Religión,Religión,Religión |
| STD | 0 | 0 | |a Discontinuità,Religione,Religione,Religione,Sopravvivenza,Vita dopo la morte,Vita dopo la morte |
| STE | 0 | 0 | |a 宗教,宗教,间断性,不连贯性 |
| STF | 0 | 0 | |a 宗教,宗教,間斷性,不連貫性 |
| STG | 0 | 0 | |a Continuação do impacto,Descontinuidade,Religião,Religião |
| STH | 0 | 0 | |a Прерывистость,Продолжение жизни,Загробная жизнь,Религия,Религия (мотив) |
| STI | 0 | 0 | |a Ασυνέχεια,Θρησκεία,Θρησκεία (μοτίβο),Μετά θάνατον ζωή |
| SUB | |a REL | ||
| SYG | 0 | 0 | |a Religion,Mystik,Mythologie , Nachleben |
| TIM | |a 100020190101_100020191231 |b 2019 - 2019 | ||



